All the movies that Kevin James and Adam Sandler worked with eachother - Statistics

General Stats
  • This quiz has been taken 18 times
  • The average score is 6 of 13
Answer Stats
Year Movie % Correct
2010 Grown ups
94%
2013 Grown ups 2
82%
2007 I now pronounce you Chuck and Larry
59%
2009 Paul Blart: Mall cop
47%
2020 Hubie Halloween
41%
2015 Paul Blart: Mall cop 2
35%
2015 Pixels
35%
2011 Zookeeper
35%
2012 Hotel Transylvania
29%
2015 Hotel Transylvania 2
29%
2018 Hotel Transylvania 3: Summer vacation
29%
2022 Home team
18%
2017 Sandy Wexler
18%
No matching quizzes found
Score Distribution
Percent of People with Each Score
Percentile by Number Answered
Your Score History
You have not taken this quiz